Nebojte se odpovědi "Ne"! Průvodce úspěšným obchodním jednáním

Salvato in:
Dettagli Bibliografici
Autore principale: Le Poole, Samfrits
Altri autori: Stejskalová, Romana
Natura: Libro
Lingua:ceco
Pubblicazione: Praha Grada 1992
Edizione:1. vyd.
Soggetti:
Tags: Aggiungi Tag
Nessun Tag, puoi essere il primo ad aggiungerne!!

MARC

LEADER 00000nam a2200000 4500
001 c001921
005 20221214090058.8
020 |a 80-85623-17-X 
041 0 |a cze 
044 |a CZ 
245 1 0 |a Nebojte se odpovědi "Ne"!  |b Průvodce úspěšným obchodním jednáním  |c Samfrits Le Poole ; [Z angl. prel.] Romana Stejskalová 
250 |a 1. vyd. 
264 1 |a Praha  |b Grada  |c 1992 
300 |a 189 s. 
610 2 0 |a správanie 
610 2 0 |a obchod 
610 2 0 |a podnikanie obchodné 
610 2 0 |a úspech pracovný 
610 2 0 |a dohody obchodné 
610 2 0 |a psychológia 
610 2 0 |a kontraktácia 
610 2 0 |a dohody obchodné medzinárodné 
610 2 0 |a zmluvy obchodné 
100 1 |a Le Poole, Samfrits 
700 1 |a Stejskalová, Romana